US Cities Not Connected to Interstates - Statistics

General Stats
  • This quiz has been taken 13 times
  • The average score is 16 of 24
Answers on the Map
Answers color-coded by a green-red scale on the quiz's map according to % correct below.
 
Answer Stats
City Population % Correct
Des Moines 213,096
100%
Buffalo 276,617
83%
Pittsburgh 307,668
83%
San Jose 997,368
83%
Columbus, GA 201,830
75%
Fresno 550,105
75%
Rochester 207,282
75%
Scottsdale 246,170
75%
St. Petersburg 267,102
75%
Worcester 211,286
75%
Gilbert 288,790
67%
Long Beach 450,901
67%
Mesa 517,151
67%
Plano 293,286
67%
Frisco 235,208
58%
Glendale 258,143
58%
Irving 258,060
58%
Riverside 323,757
58%
Cape Coral 233,025
50%
Modesto 220,592
50%
Moreno Valley 213,919
50%
Oxnard 200,616
50%
McKinney 227,526
42%
Fremont 228,192
33%
No matching quizzes found
Score Distribution
Percent of People with Each Score
Percentile by Number Answered
Your Score History
You have not taken this quiz